Les pistes de ski du Grand Massif - Statistiques

Statistiques générales
  • Ce quiz a été pris 15 fois
    10 depuis la dernière actualisation
  • Le résultat moyen est 14 sur 135
Statistiques - réponses
Morillon % Correct
Marmotte
100%
Marvel
75%
Chamois
50%
Corbalanche
50%
Aigle Noir
38%
Dahu
38%
Les Cascades
38%
Méphisto
38%
Plein Soleil
38%
Sairon
38%
Serpentine
38%
Bergin
25%
Coccinelle
25%
Combe
25%
Diamant Noir
25%
Marveline
25%
Félire
25%
Feulatière
25%
Lapiaz
25%
Les Chars
25%
Lucifer
25%
Méphisto Supérieure
25%
Salvagny
25%
Stade
25%
Tourmaline
25%
Véroce
25%
Zizi Panpan
25%
Aouïa
13%
Aujon
13%
Balme
13%
Bardelle
13%
Belzébuth
13%
Biollaire
13%
Château
13%
Coin Coin
13%
Cristal
13%
Damoiseaux
13%
Demoiselles
13%
Crète
13%
Doïna
13%
Faust
13%
Figaro
13%
Fontaine
13%
Fred
13%
Grand Crêt
13%
Jade
13%
Laberieu
13%
La Forestière
13%
La Peuf
13%
Les 7 Frères
13%
Perce-Neige
13%
Pin
13%
Plateau
13%
Portet
13%
Raccord Gron
13%
Soleil
13%
Timalets
13%
Accès Lindars
0%
Agate
0%
Aigue-marine
0%
Almandine
0%
Améthyste
0%
Arête
0%
Arolle
0%
Aventurine
0%
Azurite
0%
Babuches
0%
Baudroie
0%
Bélial
0%
Bissac
0%
Blanchot
0%
Calcédoine
0%
Calcite
0%
Célestine
0%
Chalet
0%
Charnia
0%
Combe de Véret
0%
Cornaline
0%
Corne
0%
Cupoire
0%
Démon
0%
Diable
0%
Diablotin
0%
Opale
0%
Vieille
0%
Dolomie
0%
Écureuil
0%
Émeraude
0%
Épicéa
0%
Érable
0%
Étoiles
0%
Gouilles
0%
Grand Chaudron
0%
Grenat
0%
Iolite
0%
Jais
0%
Jaspe
0%
La Combe
0%
La Pépinière
0%
Lésière
0%
Lou Darbes
0%
Lutin
0%
Malachite
0%
Malice
0%
Marmottes
0%
Mélèze
0%
Minos
0%
Moccand
0%
Molliachets
0%
Onyx
0%
Oratoire
0%
Paccoty
0%
Parements
0%
Pendant
0%
Pimprenelle
0%
Pré-carré
0%
Quartz
0%
Rhodos
0%
Rubis
0%
Saphir
0%
Satan
0%
Silice
0%
Tanzanite
0%
Télé-débutants
0%
Topaze
0%
Traversée Diamant Noir
0%
Traversée Lapiaz
0%
Truffe
0%
Turquoise
0%
Verosse
0%
Zéolite
0%
Zorta
0%
Aucun quiz correspondant
Distribution des résultats
% des personnes avec chaque résultat
Percentile par nombre de réponses
Votre historique - résultats
Vous n’avez pas pris ce quiz depuis la dernière actualisation